[Event "Bayerische EM 2019 Frauen EM"]
[Site "Rosenheim"]
[Date "2019.08.25"]
[Round "1.1"]
[White "Homfeldt, Maren"]
[Black "Wilfert, Eva-Maria"]
[Result "1/2-1/2"]
[WhiteElo "1184"]
[BlackElo "1643"]
[PlyCount "47"]
[EventDate "2019.??.??"]
[WhiteTeam "SC Noris-Tarrasch Nürnberg"]
[BlackTeam "PTSV SK Hof"]

1. g3 d5 2. e3 e5 3. Ne2 Nf6 4. Bg2 c6 5. b3 Be7 6. Bb2 Bf5 7. d3 Nbd7 8. h3
O-O 9. Nd2 e4 10. g4 Bg6 11. Nd4 h6 12. Nf5 Bb4 13. a3 Ba5 14. b4 Bb6 15. d4 a5
16. Nd6 Qc7 17. Nf5 Rfe8 18. c4 axb4 19. cxd5 Nxd5 20. Nxe4 Bxf5 21. gxf5 N5f6
22. Nxf6+ Nxf6 23. d5 Ne4 24. Qg4 1/2-1/2

[Event "Bayerische EM 2019 Frauen EM"]
[Site "Rosenheim"]
[Date "2019.08.25"]
[Round "1.2"]
[White "Lorenz, Oda"]
[Black "Ludwig, Ines"]
[Result "1-0"]
[WhiteElo "1821"]
[BlackElo "1599"]
[PlyCount "117"]
[EventDate "2019.??.??"]
[WhiteTeam "SG Augsburg"]
[BlackTeam "SW Nürnberg Süd"]

1. e4 d6 2. d4 e5 3. dxe5 dxe5 4. Qxd8+ Kxd8 5. Nf3 f6 6. Bb5 c6 7. Ba4 Be7 8.
Bd2 Bc5 9. O-O Ke7 10. c4 Kf7 11. b4 Bd6 12. c5 Bc7 13. Nc3 Ne7 14. Ne2 Rd8 15.
Ng3 Be6 16. Rfd1 Nd7 17. Be3 b6 18. Bb3 Bxb3 19. axb3 b5 20. Ra2 a5 21. Rda1 a4
22. bxa4 Nb8 23. axb5 Rxa2 24. Rxa2 Rd1+ 25. Nf1 cxb5 26. g4 Nbc6 27. Bd2 Rb1
28. Kg2 Ng6 29. Ng3 Nf4+ 30. Bxf4 exf4 31. Nf5 Rxb4 32. Rd2 Ne5 33. Nxe5+ Bxe5
34. Rd7+ Kf8 35. Rxg7 Rc4 36. Rxh7 Rxc5 37. Rb7 Rc4 38. Rxb5 Rxe4 39. h4 Kf7
40. h5 Rc4 41. Rb7+ Rc7 42. Rxc7+ Bxc7 43. Kf3 Kg8 44. Ke4 Kh7 45. f3 Bb8 46.
Ne7 Bd6 47. Nd5 Kg7 48. Kf5 Be5 49. Ke6 Kh6 50. Nxf6 Bc3 51. g5+ Kxg5 52. Ne4+
Kxh5 53. Nxc3 Kh4 54. Kf5 Kg3 55. Ke4 Kh4 56. Kxf4 Kh5 57. Ke5 Kg5 58. Ne4+ Kg6
59. Ke6 1-0

[Event "Bayerische EM 2019 Frauen EM"]
[Site "Rosenheim"]
[Date "2019.08.25"]
[Round "1.3"]
[White "Milak, Adela"]
[Black "Racky, Selina"]
[Result "0-1"]
[WhiteElo "1613"]
[BlackElo "1083"]
[PlyCount "70"]
[EventDate "2019.??.??"]
[WhiteTeam "SC Haar"]
[BlackTeam "SG Vogtareuth-Prutting"]

1. e4 e5 2. Nf3 Nc6 3. Bc4 Bc5 4. c3 Nf6 5. d3 h6 6. O-O O-O 7. b4 Be7 8. b5
Na5 9. Nxe5 d6 10. Nf3 Nxe4 11. Bxf7+ Rxf7 12. dxe4 Bg4 13. Nbd2 Bg5 14. Qa4 b6
15. e5 Bxd2 16. Qxg4 Bxc3 17. Rb1 dxe5 18. Bxh6 Qd7 19. Qg3 e4 20. Rfd1 Qe6 21.
Ng5 Be5 22. Nxe6 Bxg3 23. hxg3 gxh6 24. Rd4 Re8 25. Rxe4 Rfe7 26. Rg4+ Kf7 27.
Nf4 Re1+ 28. Rxe1 Rxe1+ 29. Kh2 Rb1 30. a4 c6 31. bxc6 Nxc6 32. Rg6 Ne5 33. Re6
Ng4+ 34. Kh3 Nxf2+ 35. Kh4 Rh1+ 0-1

[Event "Bayerische EM 2019 Frauen EM"]
[Site "Rosenheim"]
[Date "2019.08.25"]
[Round "1.4"]
[White "Mehling, Katharina"]
[Black "Niedermaier, Barbara"]
[Result "1-0"]
[WhiteElo "1978"]
[BlackElo "1909"]
[PlyCount "93"]
[EventDate "2019.??.??"]
[WhiteTeam "Spvgg Stetten"]
[BlackTeam "SC Bamberg"]

1. Nf3 d5 2. g3 c6 3. Bg2 g6 4. d3 Bg7 5. O-O Nf6 6. Nc3 O-O 7. e4 dxe4 8. dxe4
Qa5 9. Bd2 Qh5 10. Ng5 Qxd1 11. Rfxd1 h6 12. Nf3 Bg4 13. h3 Bxf3 14. Bxf3 Nbd7
15. Bg2 Nb6 16. Bf1 Rfd8 17. Be3 Nfd7 18. Bd4 Bxd4 19. Rxd4 Ne5 20. Rdd1 Nf3+
21. Kg2 Nd2 22. b3 Nxf1 23. Kxf1 Kf8 24. a4 Nd7 25. Rd2 Nc5 26. Rad1 Ke8 27.
Ke2 Rxd2+ 28. Rxd2 Rd8 29. Rxd8+ Kxd8 30. f4 Nd7 31. Ke3 Kc7 32. Kd4 b6 33. g4
Nf8 34. e5 Ne6+ 35. Ke3 Nc5 36. h4 Ne6 37. f5 gxf5 38. gxf5 Ng7 39. Kf4 Kd7 40.
Ne4 e6 41. Nd6 exf5 42. Nxf7 h5 43. Nd6 Ne6+ 44. Kxf5 Nd4+ 45. Kf6 Nxc2 46. e6+
Kxd6 47. e7 1-0

[Event "Bayerische EM 2019 Frauen EM"]
[Site "Rosenheim"]
[Date "2019.08.25"]
[Round "1.5"]
[White "Roos, Karin"]
[Black "Stegmaier, Erika"]
[Result "1-0"]
[WhiteElo "1767"]
[BlackElo "1485"]
[PlyCount "57"]
[EventDate "2019.??.??"]
[WhiteTeam "FC Bayern München"]
[BlackTeam "SK Neuperlach"]

1. e4 c5 2. Nf3 Nc6 3. Bb5 d6 4. O-O Bd7 5. Nc3 Nf6 6. Re1 e6 7. d4 cxd4 8.
Nxd4 Be7 9. Nxc6 bxc6 10. Ba4 O-O 11. e5 dxe5 12. Rxe5 Qc7 13. Re1 Rfd8 14. Qe2
Rab8 15. Bb3 Bd6 16. h3 c5 17. Bg5 Be7 18. Rad1 h6 19. Bc1 Bc6 20. Bc4 Bb7 21.
Rd3 Qc6 22. f3 Nh5 23. Qe5 Nf6 24. Red1 Qe8 25. Be3 Nd7 26. Rxd7 Rxd7 27. Rxd7
Qxd7 28. Qxb8+ Bc8 29. Ba6 1-0

[Event "Bayerische EM 2019 Frauen EM"]
[Site "Rosenheim"]
[Date "2019.08.26"]
[Round "2.1"]
[White "Roos, Karin"]
[Black "Homfeldt, Maren"]
[Result "1-0"]
[WhiteElo "1767"]
[BlackElo "1184"]
[PlyCount "31"]
[EventDate "2019.??.??"]
[WhiteTeam "FC Bayern Muenchen"]
[BlackTeam "SC Noris-Tarrasch Nuernberg"]

1. e4 d6 2. Nf3 Nd7 3. d4 e5 4. c3 h6 5. Bc4 a6 6. O-O b5 7. Bd5 Ra7 8. Be3
exd4 9. Nxd4 Ne7 10. Nc6 Nxc6 11. Bxc6 Bb7 12. Bxd7+ Qxd7 13. Bxa7 Bxe4 14. Re1
Qc6 15. Nd2 d5 16. Nxe4 1-0

[Event "Bayerische EM 2019 Frauen EM"]
[Site "Rosenheim"]
[Date "2019.08.26"]
[Round "2.2"]
[White "Stegmaier, Erika"]
[Black "Mehling, Katharina"]
[Result "0-1"]
[WhiteElo "1485"]
[BlackElo "1978"]
[PlyCount "48"]
[EventDate "2019.??.??"]
[WhiteTeam "SK Neuperlach"]
[BlackTeam "Spvgg Stetten"]

1. c4 e5 2. Nc3 Nc6 3. e3 Bc5 4. Nge2 a6 5. g3 d6 6. Bg2 Ba7 7. O-O h5 8. d4 h4
9. dxe5 Nxe5 10. Nf4 Bg4 11. Qa4+ c6 12. f3 g5 13. fxg4 gxf4 14. Rxf4 hxg3 15.
hxg3 Nf6 16. Ne4 Nxe4 17. Rxe4 Qf6 18. Bd2 O-O-O 19. Rf1 Qh6 20. b4 Qh2+ 21.
Kf2 Rh3 22. Qd1 Qxg3+ 23. Kg1 Rh2 24. Qe2 Rdh8 0-1

[Event "Bayerische EM 2019 Frauen EM"]
[Site "Rosenheim"]
[Date "2019.08.26"]
[Round "2.3"]
[White "Niedermaier, Barbara"]
[Black "Milak, Adela"]
[Result "1/2-1/2"]
[WhiteElo "1909"]
[BlackElo "1613"]
[PlyCount "41"]
[EventDate "2019.??.??"]
[WhiteTeam "SC Bamberg"]
[BlackTeam "SC Haar"]

1. e4 e5 2. Nf3 Nc6 3. Bc4 Bc5 4. c3 Nf6 5. d4 exd4 6. cxd4 Bb4+ 7. Nc3 O-O 8.
Bd3 d5 9. e5 Ne4 10. O-O Bxc3 11. bxc3 Bg4 12. h3 Bxf3 13. Qxf3 Nxc3 14. Bxh7+
Kxh7 15. Qxc3 Qh4 16. f4 Rfe8 17. f5 Qxd4+ 18. Qxd4 Nxd4 19. Bb2 c5 20. Bxd4
cxd4 21. Rad1 1/2-1/2

[Event "Bayerische EM 2019 Frauen EM"]
[Site "Rosenheim"]
[Date "2019.08.26"]
[Round "2.4"]
[White "Racky, Selina"]
[Black "Lorenz, Oda"]
[Result "0-1"]
[WhiteElo "1083"]
[BlackElo "1821"]
[PlyCount "74"]
[EventDate "2019.??.??"]
[WhiteTeam "SG Vogtareuth-Prutting"]
[BlackTeam "SG Augsburg"]

1. d4 g6 2. Bf4 Bg7 3. e3 d6 4. Nf3 Nf6 5. h3 Bf5 6. c3 Nbd7 7. Nbd2 c5 8. Bc4
d5 9. Be2 c4 10. b3 b5 11. a4 a6 12. Ne5 Nxe5 13. Bxe5 O-O 14. Bf3 Ne4 15. Bxg7
Kxg7 16. bxc4 bxc4 17. Bxe4 Bxe4 18. Nxe4 dxe4 19. h4 Qa5 20. Qc2 f5 21. O-O
Rab8 22. f3 exf3 23. Rxf3 Rb3 24. e4 e6 25. exf5 exf5 26. Qd2 Rf7 27. d5 Qc5+
28. Kh1 Rfb7 29. Rd1 Qd6 30. Qd4+ Kg8 31. Qxc4 Rb1 32. Rff1 Rxd1 33. Rxd1 Rc7
34. Qd4 Re7 35. Qb4 Qd8 36. Qc5 Re4 37. Rd4 Qxh4+ 0-1

[Event "Bayerische EM 2019 Frauen EM"]
[Site "Rosenheim"]
[Date "2019.08.26"]
[Round "2.5"]
[White "Ludwig, Ines"]
[Black "Wilfert, Eva-Maria"]
[Result "1/2-1/2"]
[WhiteElo "1599"]
[BlackElo "1643"]
[PlyCount "57"]
[EventDate "2019.??.??"]
[WhiteTeam "SW Nuernberg Sued"]
[BlackTeam "PTSV SK Hof"]

1. d4 d5 2. e3 Nf6 3. Bd3 e6 4. Nd2 c5 5. c3 Be7 6. f4 Nbd7 7. Ngf3 c4 8. Bc2
O-O 9. O-O Qc7 10. Ne5 Ne8 11. Qh5 Ndf6 12. Qe2 Nd6 13. Rf3 Nfe4 14. Rh3 g6 15.
Ndf3 f6 16. Ng4 Nf5 17. Nf2 Nxf2 18. Qxf2 Nd6 19. Qh4 Rf7 20. Qh6 Bf8 21. Qh4
Ne4 22. Nd2 e5 23. Rf3 Bf5 24. fxe5 fxe5 25. Bxe4 Bxe4 26. Nxe4 Rxf3 27. Nf6+
Rxf6 28. Qxf6 exd4 29. Qe6+ 1/2-1/2

[Event "Bayerische EM 2019 Frauen EM"]
[Site "Rosenheim"]
[Date "2019.08.26"]
[Round "3.1"]
[White "Homfeldt, Maren"]
[Black "Ludwig, Ines"]
[Result "0-1"]
[WhiteElo "1184"]
[BlackElo "1599"]
[PlyCount "80"]
[EventDate "2019.??.??"]
[WhiteTeam "SC Noris-Tarrasch Nuernberg"]
[BlackTeam "SW Nuernberg Sued"]

1. e4 c5 2. c4 Nc6 3. Nc3 d6 4. f3 Nf6 5. Nge2 g6 6. Nf4 Bg7 7. Qa4 Bd7 8. Nfd5
O-O 9. Nb5 Nxd5 10. cxd5 a6 11. dxc6 axb5 12. Qxb5 Bxc6 13. Qb3 Ra5 14. a4 Qd7
15. Bc4 e6 16. Qb6 Rfa8 17. Qb3 b5 18. Bd5 exd5 19. exd5 bxa4 20. dxc6 Qxc6 21.
Qd3 Re8+ 22. Kd1 c4 23. Qa3 Bd4 24. Re1 Bc5 25. Qc3 Rxe1+ 26. Kxe1 Bb6 27. d3
Re5+ 28. Kf1 Ba5 29. b4 Bb6 30. Qxc4 Qe8 31. Bd2 Re2 32. Be1 Qe3 33. Qc8+ Kg7
34. Bc3+ Kh6 35. Qf8+ Kh5 36. g4+ Kg5 37. h4+ Kxh4 38. Qh6+ Qxh6 39. Bf6+ Kg3
40. g5 Qh2 0-1

[Event "Bayerische EM 2019 Frauen EM"]
[Site "Rosenheim"]
[Date "2019.08.26"]
[Round "3.2"]
[White "Wilfert, Eva-Maria"]
[Black "Racky, Selina"]
[Result "1/2-1/2"]
[WhiteElo "1643"]
[BlackElo "1083"]
[PlyCount "125"]
[EventDate "2019.??.??"]
[WhiteTeam "PTSV SK Hof"]
[BlackTeam "SG Vogtareuth-Prutting"]

1. Nf3 d5 2. d4 Nf6 3. g3 g6 4. Bg2 Bg7 5. Bf4 Nc6 6. c3 O-O 7. O-O Bf5 8. Nbd2
Re8 9. Rc1 Nd7 10. Nh4 Be6 11. e4 Nb6 12. e5 f6 13. Nhf3 fxe5 14. Nxe5 Bxe5 15.
dxe5 Qd7 16. Re1 Rad8 17. Bh6 d4 18. Ne4 dxc3 19. Nxc3 Qxd1 20. Rcxd1 Bg4 21.
Bxc6 bxc6 22. Rc1 Bf3 23. h4 Rd2 24. Bxd2 Nc4 25. Bh6 Nxb2 26. Re3 Bg4 27. f3
Be6 28. a3 Nc4 29. Ree1 Nxa3 30. Ne4 Bd5 31. Kf2 Ra8 32. Nc3 Be6 33. Ne4 Bd5
34. Nc5 a5 35. Re3 Nc4 36. Rec3 Nxe5 37. Bf4 Nc4 38. Bxc7 Nb2 39. Ra3 Nc4 40.
Rac3 Nb2 41. Re3 a4 42. Rxe7 a3 43. Be5 Ra5 44. Ne6 Bxe6 45. Rxe6 Nd3+ 46. Ke3
Nxc1 47. Bc3 Ra6 48. Kd2 Nb3+ 49. Kc2 Rb6 50. Re1 c5 51. Re8+ Kf7 52. Ra8 c4
53. Rxa3 Ke6 54. Ra7 h5 55. Rg7 Kd5 56. Rd7+ Rd6 57. Rg7 Nd4+ 58. Bxd4 Kxd4 59.
Re7 Rf6 60. f4 Ra6 61. Rg7 c3 62. Rd7+ Kc5 63. Kb3 1/2-1/2

[Event "Bayerische EM 2019 Frauen EM"]
[Site "Rosenheim"]
[Date "2019.08.26"]
[Round "3.3"]
[White "Lorenz, Oda"]
[Black "Niedermaier, Barbara"]
[Result "1/2-1/2"]
[WhiteElo "1821"]
[BlackElo "1909"]
[PlyCount "50"]
[EventDate "2019.??.??"]
[WhiteTeam "SG Augsburg"]
[BlackTeam "SC Bamberg"]

1. e4 e6 2. d4 d5 3. exd5 exd5 4. c4 Nf6 5. Nc3 c6 6. c5 Be7 7. Be2 O-O 8. Nf3
Bg4 9. O-O b5 10. h3 Bxf3 11. Bxf3 a5 12. Bf4 Na6 13. a3 Nc7 14. Be3 Ne6 15.
Qc2 Qc7 16. Ne2 Nd7 17. Bg4 Nf6 18. Bxe6 fxe6 19. Bf4 Qd7 20. Be5 Ne4 21. f4
Bh4 22. Rf3 Rf7 23. Raf1 Raf8 24. Qd3 Bf6 25. Nc3 Bxe5 1/2-1/2

[Event "Bayerische EM 2019 Frauen EM"]
[Site "Rosenheim"]
[Date "2019.08.26"]
[Round "3.4"]
[White "Milak, Adela"]
[Black "Stegmaier, Erika"]
[Result "0-1"]
[WhiteElo "1613"]
[BlackElo "1485"]
[PlyCount "89"]
[EventDate "2019.??.??"]
[WhiteTeam "SC Haar"]
[BlackTeam "SK Neuperlach"]

1. e4 c5 2. Nf3 Nc6 3. d4 cxd4 4. Nxd4 a6 5. Nc3 e6 6. Be3 d6 7. Bc4 Nf6 8. f4
Qc7 9. Qe2 b5 10. Bd3 Nb4 11. Bxb5+ axb5 12. Qxb5+ Bd7 13. Qxb4 d5 14. Ndb5 Qc6
15. Qb3 Nxe4 16. Nxe4 dxe4 17. c4 Be7 18. Bd4 O-O 19. a4 Bc5 20. O-O-O Bxd4 21.
Rxd4 Rfc8 22. Rhd1 Be8 23. Qc2 f5 24. b3 h6 25. Rd6 Qc5 26. Qd2 Bxb5 27. Rd8+
Rxd8 28. Qxd8+ Rxd8 29. Rxd8+ Kh7 30. axb5 Qe3+ 31. Kc2 Qc5 32. Rd2 Kg6 33. Kc3
Kf6 34. b4 Qe3+ 35. Kc2 Qxf4 36. b6 e3 37. Re2 Qxc4+ 38. Kd1 Qxb4 39. Rxe3 Qxb6
40. Ke2 g5 41. Rh3 Kg6 42. Re3 h5 43. h3 Qc6 44. Kf2 Qd5 45. g3 0-1

[Event "Bayerische EM 2019 Frauen EM"]
[Site "Rosenheim"]
[Date "2019.08.26"]
[Round "3.5"]
[White "Mehling, Katharina"]
[Black "Roos, Karin"]
[Result "1-0"]
[WhiteElo "1978"]
[BlackElo "1767"]
[PlyCount "87"]
[EventDate "2019.??.??"]
[WhiteTeam "Spvgg Stetten"]
[BlackTeam "FC Bayern Muenchen"]

1. e4 c5 2. Nf3 d6 3. d4 cxd4 4. Nxd4 Nf6 5. Nc3 a6 6. Bg5 e5 7. Nf5 Be6 8. Qd2
h6 9. Bxf6 Qxf6 10. Nxd6+ Bxd6 11. Qxd6 Nc6 12. Nd5 Bxd5 13. Qxf6 gxf6 14. exd5
Nb4 15. O-O-O Rd8 16. Bc4 b5 17. Bb3 a5 18. a3 Na6 19. Rhe1 Nc5 20. Re3 Rg8 21.
g3 Kf8 22. d6 Kg7 23. Rd5 Ne6 24. c3 b4 25. Rxa5 bxa3 26. Bxe6 axb2+ 27. Kxb2
fxe6 28. Ra7+ Kg6 29. Rd3 e4 30. Rd2 Kf5 31. c4 e5 32. d7 e3 33. fxe3 Ke4 34.
Ra3 f5 35. c5 Rg6 36. Rc3 Rc6 37. Kb3 Rc7 38. c6 Rb8+ 39. Kc2 Rd8 40. Rd6 h5
41. Kd2 h4 42. Ke2 f4 43. g4 Ra7 44. Rc4# 1-0

[Event "Bayerische EM 2019 Frauen EM"]
[Site "Rosenheim"]
[Date "2019.08.27"]
[Round "4.1"]
[White "Mehling, Katharina"]
[Black "Homfeldt, Maren"]
[Result "1-0"]
[WhiteElo "1978"]
[BlackElo "1184"]
[PlyCount "55"]
[EventDate "2019.??.??"]
[WhiteTeam "Spvgg Stetten"]
[BlackTeam "SC Noris-Tarrasch Nuernberg"]

1. e4 d6 2. d4 Nd7 3. Nc3 e6 4. Be3 Ne7 5. f4 b6 6. Nf3 Bb7 7. Bd3 g6 8. Qd2 f5
9. Ng5 Nd5 10. Nxe6 Qc8 11. exd5 a5 12. Nb5 Ke7 13. Nbxc7 Ra7 14. g4 Nf6 15.
gxf5 Nxd5 16. Nxd5+ Bxd5 17. Rg1 Bxe6 18. fxe6 Qxe6 19. c4 Bg7 20. f5 Qf6 21.
Bg5 Qxg5 22. Qxg5+ Bf6 23. Qe3+ Kf7 24. fxg6+ hxg6 25. Bxg6+ Kg7 26. Bh5+ Kh7
27. Qe4+ Kh6 28. Qg6# 1-0

[Event "Bayerische EM 2019 Frauen EM"]
[Site "Rosenheim"]
[Date "2019.08.27"]
[Round "4.2"]
[White "Roos, Karin"]
[Black "Milak, Adela"]
[Result "1/2-1/2"]
[WhiteElo "1767"]
[BlackElo "1613"]
[PlyCount "65"]
[EventDate "2019.??.??"]
[WhiteTeam "FC Bayern Muenchen"]
[BlackTeam "SC Haar"]

1. e4 e5 2. Nf3 Nc6 3. d4 exd4 4. Nxd4 Nxd4 5. Qxd4 d6 6. Nc3 Be6 7. Bc4 Qd7 8.
Bxe6 fxe6 9. Bg5 e5 10. Qe3 Be7 11. O-O-O h6 12. Bxe7 Nxe7 13. f4 exf4 14. Qxf4
Ng6 15. Qf5 Ne5 16. Qh5+ Kd8 17. Rd5 Re8 18. Rhd1 Kc8 19. h3 a6 20. Qf5 b6 21.
b3 Re6 22. Na4 Rb8 23. Kb1 Qe7 24. Nc3 Kb7 25. R5d4 Rf8 26. Qh5 Rf2 27. Nd5 Qf8
28. R4d2 Rg6 29. Ne3 Qf4 30. Qf5 Qxf5 31. exf5 Rxd2 32. Rxd2 Rf6 33. Kb2
1/2-1/2

[Event "Bayerische EM 2019 Frauen EM"]
[Site "Rosenheim"]
[Date "2019.08.27"]
[Round "4.3"]
[White "Stegmaier, Erika"]
[Black "Lorenz, Oda"]
[Result "0-1"]
[WhiteElo "1485"]
[BlackElo "1821"]
[PlyCount "104"]
[EventDate "2019.??.??"]
[WhiteTeam "SK Neuperlach"]
[BlackTeam "SG Augsburg"]

1. c4 Nf6 2. g3 g6 3. Bg2 Bg7 4. Nc3 c5 5. e3 d6 6. Nge2 Nc6 7. O-O a6 8. a3
Bg4 9. Qc2 Qd7 10. d4 cxd4 11. exd4 O-O 12. d5 Ne5 13. b3 Nf3+ 14. Kh1 Rac8 15.
Bb2 Ng5 16. Ng1 Bf5 17. Qd2 Nge4 18. Nxe4 Bxe4 19. f3 Bf5 20. Rfe1 h5 21. Qe2
e5 22. dxe6 Bxe6 23. Rad1 Rfe8 24. Qd2 Rcd8 25. Bd4 Qc7 26. Qb2 Qe7 27. Nh3 Rf8
28. Ng5 Ne8 29. Nxe6 fxe6 30. Bxg7 Nxg7 31. f4 b6 32. Rd2 Qf6 33. Qc2 Nf5 34.
Qd1 Kg7 35. Be4 e5 36. Bxf5 gxf5 37. fxe5 dxe5 38. Rxd8 Rxd8 39. Qf3 Kg6 40. h3
e4 41. Qe3 Rd3 42. Qf2 Rxb3 43. a4 Rc3 44. Rb1 e3 45. Qe2 Ra3 46. g4 hxg4 47.
hxg4 f4 48. Qc2+ Kg5 49. c5 Rc3 50. Qe4 Rxc5 51. Qd3 Qc6+ 52. Kh2 Rc2+ 0-1

[Event "Bayerische EM 2019 Frauen EM"]
[Site "Rosenheim"]
[Date "2019.08.27"]
[Round "4.4"]
[White "Niedermaier, Barbara"]
[Black "Wilfert, Eva-Maria"]
[Result "1-0"]
[WhiteElo "1909"]
[BlackElo "1643"]
[PlyCount "53"]
[EventDate "2019.??.??"]
[WhiteTeam "SC Bamberg"]
[BlackTeam "PTSV SK Hof"]

1. e4 e5 2. Nf3 Nc6 3. Bc4 Bc5 4. c3 Nge7 5. d4 exd4 6. cxd4 Bb4+ 7. Nc3 d5 8.
Bd3 dxe4 9. Bxe4 Bg4 10. d5 Ne5 11. Qa4+ Bd7 12. Qxb4 Nxf3+ 13. Bxf3 Qc8 14.
O-O a5 15. Qe4 Bf5 16. Qe2 Qd7 17. Re1 Kf8 18. b3 Re8 19. Ba3 b5 20. Nxb5 Kg8
21. Bxe7 h6 22. Rac1 Rxe7 23. Qxe7 Qxb5 24. Rxc7 Bg6 25. d6 Kh7 26. d7 Qd3 27.
Rd1 1-0

[Event "Bayerische EM 2019 Frauen EM"]
[Site "Rosenheim"]
[Date "2019.08.27"]
[Round "4.5"]
[White "Racky, Selina"]
[Black "Ludwig, Ines"]
[Result "0-1"]
[WhiteElo "1083"]
[BlackElo "1599"]
[PlyCount "118"]
[EventDate "2019.??.??"]
[WhiteTeam "SG Vogtareuth-Prutting"]
[BlackTeam "SW Nuernberg Sued"]

1. d4 d5 2. Bf4 e6 3. e3 Bd6 4. Bg3 f5 5. Nf3 Nf6 6. Ne5 O-O 7. Nd2 Bd7 8. Bd3
Be8 9. h3 Ne4 10. Bxe4 fxe4 11. O-O Rf5 12. f4 exf3 13. Ndxf3 Bh5 14. Bh2 Qf6
15. Qe2 Bxf3 16. Rxf3 Rxf3 17. Qxf3 Qxf3 18. Nxf3 Bxh2+ 19. Kxh2 Nd7 20. Rc1
Rf8 21. c4 c6 22. cxd5 exd5 23. Re1 Nf6 24. Ne5 Ne4 25. Re2 g5 26. Nd7 Rf7 27.
Nc5 Re7 28. Nxe4 Rxe4 29. Kg3 h5 30. Re1 Kg7 31. Kf2 Kg6 32. Ke2 h4 33. Rf1 g4
34. Rf8 g3 35. Rb8 Re7 36. Ra8 a6 37. Rg8+ Rg7 38. Rxg7+ Kxg7 39. Kf3 Kf6 40.
Kg4 b6 41. Kxh4 c5 42. Kxg3 c4 43. Kf4 b5 44. h4 b4 45. g4 c3 46. h5 cxb2 47.
g5+ Kg7 48. Ke5 b1=Q 49. Kxd5 Qxa2+ 50. Ke5 Qf7 51. g6 Qf6+ 52. Kd5 b3 53. e4
b2 54. e5 Qd8+ 55. Ke4 b1=Q+ 56. Ke3 Qg5+ 57. Kf3 Qd3+ 58. Kf2 Qde3+ 59. Kf1
Qgg1# 0-1

[Event "Bayerische EM 2019 Frauen EM"]
[Site "Rosenheim"]
[Date "2019.08.28"]
[Round "5.1"]
[White "Homfeldt, Maren"]
[Black "Racky, Selina"]
[Result "0-1"]
[WhiteElo "1184"]
[BlackElo "1083"]
[PlyCount "94"]
[EventDate "2019.??.??"]
[WhiteTeam "SC Noris-Tarrasch Nuernberg"]
[BlackTeam "SG Vogtareuth-Prutting"]

1. d4 d5 2. f4 Bf5 3. e3 Nf6 4. Nf3 e6 5. Nbd2 Nbd7 6. Be2 Bd6 7. O-O O-O 8.
Qe1 Bxc2 9. Qg3 c5 10. b3 cxd4 11. Nxd4 Be4 12. Qh3 Bc5 13. Nxe4 Nxe4 14. Bd3
Ndf6 15. f5 Bxd4 16. exd4 Qd6 17. Bf4 Qb6 18. Be5 Nd7 19. Bxg7 Kxg7 20. Qg4+
Kh8 21. Bxe4 Qxd4+ 22. Kh1 Qxe4 23. Qxe4 dxe4 24. Rad1 Nc5 25. fxe6 Nxe6 26.
Rf6 Kg7 27. Rdf1 e3 28. R6f3 e2 29. Re1 Rad8 30. Rg3+ Ng5 31. Rxg5+ Kf6 32. Rg3
Rd1 33. Rf3+ Kg7 34. Rg1 Rxg1+ 35. Kxg1 e1=Q+ 36. Rf1 Qd2 37. Rf2 Qe3 38. Kf1
Rd8 39. g4 Rd1+ 40. Kg2 Rd2 41. Rxd2 Qxd2+ 42. Kf3 Kf6 43. h4 Ke5 44. Kg3 Qe3+
45. Kg2 Kf4 46. g5 Qf3+ 47. Kg1 Kg3 0-1

[Event "Bayerische EM 2019 Frauen EM"]
[Site "Rosenheim"]
[Date "2019.08.28"]
[Round "5.2"]
[White "Ludwig, Ines"]
[Black "Niedermaier, Barbara"]
[Result "0-1"]
[WhiteElo "1599"]
[BlackElo "1909"]
[PlyCount "32"]
[EventDate "2019.??.??"]
[WhiteTeam "SW Nuernberg Sued"]
[BlackTeam "SC Bamberg"]

1. d4 d5 2. e3 c6 3. f4 f5 4. Nf3 e6 5. Bd3 Nf6 6. O-O Be7 7. Ne5 O-O 8. Nc3 c5
9. Bd2 Nc6 10. a3 cxd4 11. Nxc6 bxc6 12. exd4 Qb6 13. Ne2 c5 14. c3 c4 15. Bc2
Qxb2 16. Bc1 Qxa1 0-1

[Event "Bayerische EM 2019 Frauen EM"]
[Site "Rosenheim"]
[Date "2019.08.28"]
[Round "5.3"]
[White "Wilfert, Eva-Maria"]
[Black "Stegmaier, Erika"]
[Result "1/2-1/2"]
[WhiteElo "1643"]
[BlackElo "1485"]
[PlyCount "51"]
[EventDate "2019.??.??"]
[WhiteTeam "PTSV SK Hof"]
[BlackTeam "SK Neuperlach"]

1. e4 c5 2. Nf3 Nc6 3. d4 cxd4 4. Nxd4 a6 5. Nc3 e6 6. Be2 d6 7. O-O Nf6 8. Be3
Be7 9. a3 O-O 10. Bf3 Ne5 11. Be2 Rb8 12. f4 Ned7 13. b4 b5 14. Nc6 Qe8 15.
Nxb8 Nxb8 16. Bf3 Bb7 17. e5 Bxf3 18. Qxf3 dxe5 19. fxe5 Nfd7 20. Bd4 Qc8 21.
Qd3 Nc6 22. Ne4 Ndxe5 23. Bxe5 Nxe5 24. Qc3 Qb8 25. Nc5 Qc7 26. Rad1 1/2-1/2

[Event "Bayerische EM 2019 Frauen EM"]
[Site "Rosenheim"]
[Date "2019.08.28"]
[Round "5.4"]
[White "Lorenz, Oda"]
[Black "Roos, Karin"]
[Result "1-0"]
[WhiteElo "1821"]
[BlackElo "1767"]
[PlyCount "104"]
[EventDate "2019.??.??"]
[WhiteTeam "SG Augsburg"]
[BlackTeam "FC Bayern Muenchen"]

1. e4 c5 2. d4 cxd4 3. c3 d5 4. exd5 Qxd5 5. cxd4 Nc6 6. Nf3 Bg4 7. Be2 Nf6 8.
Nc3 Qd8 9. O-O e6 10. Be3 Be7 11. Rc1 O-O 12. h3 Bh5 13. Ne5 Bxe2 14. Nxe2 Nb4
15. a3 Nbd5 16. Nf4 Qb6 17. Nxd5 Nxd5 18. Nd7 Qxb2 19. Nxf8 Rxf8 20. Rb1 Qxa3
21. Rb3 Qa6 22. Qa1 Bb4 23. Qb2 Qd6 24. Bd2 a5 25. Bxb4 Nxb4 26. Re1 Rc8 27.
Rc3 Rd8 28. Re4 b6 29. Rg3 Qd5 30. Qe2 g6 31. Rc3 Nc6 32. Rc4 Kg7 33. Qc2 Rd6
34. Rh4 h5 35. Qc1 f5 36. Qf4 Rd7 37. Qc1 Nb4 38. Rc7 Qd6 39. Rxd7+ Qxd7 40.
Qg5 Nd5 41. Rxh5 Qe7 42. Qh6+ Kf6 43. Rg5 Qg7 44. Qh4 Kf7 45. Rg3 a4 46. Rd3 b5
47. Qd8 b4 48. Qd7+ Kf6 49. Qxa4 Kg5 50. Qd1 Qb7 51. Qd2+ Kf6 52. Rb3 Kg7 1-0

[Event "Bayerische EM 2019 Frauen EM"]
[Site "Rosenheim"]
[Date "2019.08.28"]
[Round "5.5"]
[White "Milak, Adela"]
[Black "Mehling, Katharina"]
[Result "0-1"]
[WhiteElo "1613"]
[BlackElo "1978"]
[PlyCount "66"]
[EventDate "2019.??.??"]
[WhiteTeam "SC Haar"]
[BlackTeam "Spvgg Stetten"]

1. e4 e6 2. d4 d5 3. exd5 exd5 4. Bd3 Bd6 5. Nf3 Ne7 6. O-O Bg4 7. Bg5 f6 8.
Bd2 Nbc6 9. c3 Qd7 10. a4 O-O-O 11. b4 Ng6 12. h3 Bxh3 13. Nh2 Kb8 14. Re1 Bxg2
15. Qh5 Qh3 16. Qxh3 Bxh3 17. Re3 Bd7 18. Na3 Bf4 19. Re2 Bxd2 20. Rxd2 Nf4 21.
Nc2 Rde8 22. Ne3 Ne7 23. Bb5 c6 24. Bf1 Nf5 25. Nxf5 Bxf5 26. Nf3 g5 27. c4 Re7
28. cxd5 cxd5 29. a5 Rc8 30. Ra3 Rc1 31. Nh2 Re2 32. Raa2 Rxd2 33. Rxd2 g4 0-1

[Event "Bayerische EM 2019 Frauen EM"]
[Site "Rosenheim"]
[Date "2019.08.28"]
[Round "6.1"]
[White "Milak, Adela"]
[Black "Homfeldt, Maren"]
[Result "1-0"]
[WhiteElo "1613"]
[BlackElo "1184"]
[PlyCount "75"]
[EventDate "2019.??.??"]
[WhiteTeam "SC Haar"]
[BlackTeam "SC Noris-Tarrasch Nuernberg"]

1. e4 d6 2. d4 e6 3. d5 e5 4. Bb5+ Nd7 5. c4 a6 6. Ba4 h6 7. Ne2 Ngf6 8. Nbc3
g6 9. f4 Ng4 10. Qd3 Qh4+ 11. Qg3 Qxg3+ 12. Nxg3 b5 13. cxb5 axb5 14. Bxb5 Rb8
15. O-O Bg7 16. a4 O-O 17. h3 Ngf6 18. f5 Nc5 19. Ra3 Nd3 20. Bxd3 g5 21. a5
Bb7 22. a6 Ba8 23. Bb5 Rb6 24. Be3 Rxb5 25. Nxb5 Rc8 26. Rc1 c6 27. Nxd6 Rc7
28. a7 Bf8 29. Nb5 Rb7 30. dxc6 Rxb5 31. c7 Bxa3 32. bxa3 Nxe4 33. c8=Q+ Kg7
34. Qxa8 Nxg3 35. f6+ Kg6 36. Qg8+ Kf5 37. Qh7+ Ke6 38. Qd3 1-0

[Event "Bayerische EM 2019 Frauen EM"]
[Site "Rosenheim"]
[Date "2019.08.28"]
[Round "6.2"]
[White "Mehling, Katharina"]
[Black "Lorenz, Oda"]
[Result "1-0"]
[WhiteElo "1978"]
[BlackElo "1821"]
[PlyCount "61"]
[EventDate "2019.??.??"]
[WhiteTeam "Spvgg Stetten"]
[BlackTeam "SG Augsburg"]

1. Nf3 Nf6 2. g3 g6 3. Bg2 Bg7 4. d3 c5 5. O-O d6 6. e4 Nbd7 7. Nc3 O-O 8. h3
a6 9. a4 Rb8 10. Be3 b5 11. axb5 axb5 12. Qc1 b4 13. Ne2 Ne8 14. Bh6 Nb6 15.
Bxg7 Kxg7 16. Nd2 e5 17. f4 exf4 18. Nxf4 Qg5 19. Kh2 h5 20. Nc4 Qd8 21. Nxb6
Rxb6 22. Nd5 Rb8 23. Ra7 Be6 24. Nf4 Nc7 25. Qe3 Ra8 26. Rxa8 Qxa8 27. Nxh5+
gxh5 28. Qg5+ Kh7 29. Qxh5+ Kg7 30. Qg5+ Kh7 31. Rf4 1-0